书目信息 |
| 题名: |
2001年的世界
|
|
| 作者: | 谢世辉 著 ;刘青然 译 | |
| 分册: | ||
| 出版信息: | 北京 北京出版社 1982 |
|
| 页数: | 168页 | |
| 开本: | 19cm | |
| 丛书名: | 日本少年博物馆丛书 | |
| 单 册: | ||
| 中图分类: | G303 | |
| 科图分类: | ||
| 主题词: | 科学预测 | |
| 电子资源: | ||
| ISBN: | ||
| 000 | 00805nam2 2200277 45 | |
| 001 | 0182001413 | |
| 005 | 20060802174913.39 | |
| 010 | @dCNY0.79 | |
| 091 | @a13071.94 | |
| 100 | @a19950104d1982 em y0chiy0121 ea | |
| 101 | 1 | @achi@cjpn |
| 102 | @aCN@b110000 | |
| 105 | @ay z 001yy | |
| 200 | 10 | @a2001年的世界@A2001 nian de shi jie@e21世纪的科学和生活@f(日)谢世辉著@g刘青然等译 |
| 210 | @a北京@c北京出版社@d1982 | |
| 215 | @a168页@d19cm | |
| 225 | 2 | @a日本少年博物馆丛书 |
| 410 | 0 | @120010@a日本少年博物馆丛书 |
| 517 | 1 | @a21世纪的科学和生活@A21 shi ji de ke xue he sheng huo |
| 606 | @a科学预测 | |
| 690 | @aG303@v3 | |
| 701 | 0 | @a谢世辉@Axie shi hui@4著 |
| 702 | 0 | @a刘青然@Aliu qing ran@4译 |
| 801 | 0 | @aCN@bTSSF@c20060802 |
| 801 | 2 | @aCN@bNLC@c20060705 |
| 905 | @a10447@dG303@e114 | |
| 2001年的世界:21世纪的科学和生活/(日)谢世辉著/刘青然等译.-北京:北京出版社,1982 |
| 168页;19cm.-(日本少年博物馆丛书) |
| ISBN :CNY0.79 |
| ● |
| 相关链接 |
|
|
|
|
正题名:2001年的世界
索取号:G303/114
 
预约/预借
| 序号 | 登录号 | 条形码 | 馆藏地/架位号 | 状态 | 备注 |
| 1 | 0421561 | 204215615 | 密集书库/ [索取号:G303/114] | 在馆 | |
| 2 | 0442110 | 204421107 | 密集书库/ [索取号:G303/114] | 在馆 |